[Event "4NCL Online Division 3"]
[Site "online"]
[Date "2021.01.26"]
[Round "1.12"]
[White "Whalley, Mark E"]
[Black "Moore, Eoin"]
[Result "0-1"]
[WhiteElo "1748"]
[BlackElo "1749"]
[PlyCount "106"]
[EventDate "2021.01.26"]
[WhiteTeam "Urmston"]
[BlackTeam "Kent KJCA Kestrels D"]

1. d4 Nf6 2. e3 g6 3. Nf3 Bg7 4. b4 O-O 5. Bb2 d5 6. Be2 a5 7. b5 Ne4 8. O-O c5
9. c3 a4 10. dxc5 a3 11. Nxa3 Nxc3 12. Qc2 Nxe2+ 13. Qxe2 Bxb2 14. Qxb2 Qa5 15.
Nc2 Nd7 16. Rfd1 Nxc5 17. Rxd5 Na4 18. Qb4 Qxb4 19. Nxb4 Be6 20. Rd2 Bc4 21.
Rd7 Nc5 22. Rxe7 Bxb5 23. Nd4 Bc4 24. Rc7 Rfc8 25. Rxc8+ Rxc8 26. a4 Na6 27.
Nxa6 Bxa6 28. h3 Rc4 29. Nf3 Rc2 30. Nd4 Rb2 31. Ra3 Rb4 32. a5 Rc4 33. Nf3 Rc5
34. Nd4 Kf8 35. Kh2 Ke7 36. Kg3 Kf6 37. h4 Ke5 38. f3 f5 39. f4+ Kd5 40. Kf3
Kc4 41. Ne6 Rb5 42. Ng5 Kb4 43. Ra1 Rxa5 44. Rxa5 Kxa5 45. Nxh7 b5 46. Nf6 b4
47. Nd5 b3 48. Nc3 Kb4 49. Nb1 Bd3 50. Nd2 b2 51. Kf2 Kc3 52. Ke1 Kc2 53. g3
Ba6 0-1

[Event "4NCL Online Division 3"]
[Site "online"]
[Date "2021.01.26"]
[Round "1.13"]
[White "Ratnesan, Radha"]
[Black "Robinson, Alex"]
[Result "1-0"]
[WhiteElo "1729"]
[BlackElo "1605"]
[PlyCount "39"]
[EventDate "2021.01.26"]
[WhiteTeam "Kent KJCA Kestrels D"]
[BlackTeam "Urmston"]

1. d4 Nf6 2. c4 e6 3. Nf3 d5 4. e3 c6 5. Nc3 Bd6 6. Be2 O-O 7. O-O Nbd7 8. cxd5
exd5 9. Qc2 Re8 10. Bd2 Ne4 11. Bd3 f5 12. Rac1 Ndf6 13. Na4 Bc7 14. Bb4 Ng4
15. h3 Ngf6 16. Nc5 f4 17. Bd2 fxe3 18. Bxe3 Qd6 19. Rfe1 Bf5 20. Nxb7 1-0

[Event "4NCL Online Division 3"]
[Site "online"]
[Date "2021.01.26"]
[Round "1.14"]
[White "Bellis, Dave"]
[Black "Chaban, Roxolana"]
[Result "0-1"]
[WhiteElo "1430"]
[BlackElo "1686"]
[PlyCount "120"]
[EventDate "2021.01.26"]
[WhiteTeam "Urmston"]
[BlackTeam "Kent KJCA Kestrels D"]

1. d4 Nf6 2. e3 g6 3. Bd3 Bg7 4. f4 O-O 5. Nf3 d6 6. O-O c5 7. c3 Nc6 8. Nbd2
e5 9. fxe5 dxe5 10. Ne4 cxd4 11. exd4 exd4 12. Bg5 dxc3 13. bxc3 Qb6+ 14. Kh1
Nxe4 15. Bxe4 Bxc3 16. Rc1 Bg7 17. Qd2 Be6 18. Rfd1 Qb2 19. Rc2 Qb4 20. Bxc6
Qxd2 21. Rdxd2 bxc6 22. Rxc6 Rfc8 23. Rcd6 a5 24. a4 Bb3 25. Rd8+ Rxd8 26.
Rxd8+ Rxd8 27. Bxd8 Bc3 28. Bb6 Bxa4 29. Nd4 Bd1 30. Nb5 Bb4 31. Bd4 a4 32. Nc3
Bxc3 33. Bxc3 Kf8 34. Kg1 Ke7 35. Kf1 Kd6 36. Ke1 Bb3 37. Kd2 Kd5 38. Kc1 Kc4
39. Kd2 a3 40. Ba1 f5 41. Ke3 Bc2 42. Kd2 Kb3 43. Kc1 Be4 44. g3 Kc4 45. Kd2
Kd5 46. Ke3 h6 47. h4 g5 48. hxg5 hxg5 49. Bf6 a2 50. Ba1 Kc4 51. Kd2 f4 52.
gxf4 gxf4 53. Ke2 Kb3 54. Kd2 f3 55. Bd4 Bd5 56. Bf6 Kc4 57. Ke3 Kc5 58. Bb2
Kd6 59. Bd4 Ke6 60. Kf4 f2 0-1

[Event "4NCL Online Division 3"]
[Site "online"]
[Date "2021.01.26"]
[Round "1.21"]
[White "Fisher, Neal"]
[Black "Hooker, Steve"]
[Result "0-1"]
[WhiteElo "1902"]
[BlackElo "1952"]
[PlyCount "124"]
[EventDate "2021.01.26"]
[WhiteTeam "Chessmates"]
[BlackTeam "Dorking Casuals"]

1. d4 g6 2. Bf4 Bg7 3. c3 d6 4. e3 Nd7 5. Nf3 c5 6. Bc4 Ngf6 7. Nbd2 O-O 8. h4
cxd4 9. exd4 e5 10. dxe5 dxe5 11. Nxe5 Nxe5 12. Bxe5 Re8 13. f4 Ng4 14. Nf3
Nxe5 15. Nxe5 Bxe5 16. Qxd8 Bxc3+ 17. Kf1 Rxd8 18. bxc3 Bg4 19. Be2 Bxe2+ 20.
Kxe2 Rac8 21. Rac1 Rc4 22. g3 Re8+ 23. Kd3 Rce4 24. Rhg1 Re3+ 25. Kc2 Re2+ 26.
Kb3 R8e6 27. a4 Rb6+ 28. Kc4 Re4+ 29. Kd3 Rxa4 30. Ra1 Rd6+ 31. Kc2 Rda6 32.
Rxa4 Rxa4 33. Kb3 Re4 34. Kc2 Kg7 35. Kd3 f5 36. Rb1 b6 37. Ra1 Re7 38. Kd4 Kh6
39. Kd5 Kh5 40. Kd6 Rf7 41. Ke6 Rc7 42. Kd6 Rxc3 43. Rxa7 h6 44. Rb7 Rb3 45.
Ke5 b5 46. Kf6 b4 47. Rb5 Rxg3 48. Rxb4 Kxh4 49. Rb1 h5 50. Rh1+ Kg4 51. Kxg6
h4 52. Kf6 h3 53. Ke5 Re3+ 54. Kf6 Kxf4 55. Rf1+ Rf3 56. Rh1 Kg3 57. Rg1+ Kf2
58. Ra1 h2 59. Ra2+ Kg1 60. Ra1+ Rf1 61. Rxf1+ Kxf1 62. Kxf5 h1=Q 0-1

[Event "4NCL Online Division 3"]
[Site "online"]
[Date "2021.01.26"]
[Round "1.22"]
[White "Herman, Thomas"]
[Black "Tomlinson, Zak"]
[Result "0-1"]
[WhiteElo "1841"]
[BlackElo "1803"]
[PlyCount "126"]
[EventDate "2021.01.26"]
[WhiteTeam "Dorking Casuals"]
[BlackTeam "Chessmates"]

1. e4 e5 2. Nf3 Nc6 3. Bb5 a6 4. Ba4 Nf6 5. d3 b5 6. Bb3 Be7 7. c3 d6 8. O-O
O-O 9. Re1 Be6 10. d4 Bxb3 11. axb3 exd4 12. cxd4 Re8 13. Qd3 Bf8 14. Bg5 h6
15. Bxf6 Qxf6 16. Nc3 Nb4 17. Qd2 c5 18. Rad1 Rad8 19. Nd5 Nxd5 20. exd5 Rxe1+
21. Rxe1 Qf5 22. Qa5 Ra8 23. dxc5 dxc5 24. Rd1 Qc2 25. Qd2 Qxd2 26. Rxd2 Bd6
27. Kf1 Re8 28. Ne1 Re4 29. Nc2 Rh4 30. h3 Be5 31. Ne3 Rd4 32. Rc2 Bd6 33. Ke2
g6 34. Rc1 a5 35. Ra1 Bc7 36. Rc1 Bb6 37. Rc2 f5 38. g3 Kf7 39. Kf3 Kf6 40. Re2
Rd3 41. Kg2 g5 42. g4 f4 43. Kf3 fxe3 44. fxe3 Rxd5 45. Ke4 Re5+ 46. Kd3 c4+
47. bxc4 bxc4+ 48. Kxc4 Rxe3 49. Rd2 Ke6 50. Kb5 Rb3+ 51. Kc6 Be3 52. Rd6+ Ke7
53. Rd5 Rb6+ 54. Kc7 Re6 55. Rd3 Bc5 56. Rf3 Re3 57. Rf1 Rxh3 58. Kc6 Bb4 59.
Rf2 Rg3 60. Re2+ Kf6 61. Re4 Rg2 62. Kd5 Rd2+ 63. Kc6 Rxb2 0-1

[Event "4NCL Online Division 3"]
[Site "online"]
[Date "2021.01.26"]
[Round "1.23"]
[White "Webster, Vivien"]
[Black "Collins, Anthony S"]
[Result "1-0"]
[WhiteElo "1675"]
[BlackElo "1897"]
[PlyCount "99"]
[EventDate "2021.01.26"]
[WhiteTeam "Chessmates"]
[BlackTeam "Dorking Casuals"]

1. e4 c6 2. Nc3 d5 3. exd5 cxd5 4. Bb5+ Nc6 5. Bxc6+ bxc6 6. d4 Nf6 7. Nge2 Bg4
8. f3 Bd7 9. O-O g6 10. Ng3 Bg7 11. Nce2 h5 12. Re1 O-O 13. c3 Rb8 14. Nf4 e6
15. Nd3 Bc8 16. Ne5 Bb7 17. Qa4 Qb6 18. Bg5 Rfd8 19. Qc2 Ba6 20. Nxg6 Qxb2 21.
Qxb2 Rxb2 22. Bxf6 Bxf6 23. Nxh5 Bxd4+ 24. cxd4 fxg6 25. Nf4 Bc8 26. Nxg6 Kg7
27. Ne5 Kf6 28. Nxc6 Rg8 29. g3 Rh8 30. Ne5 Ba6 31. Ng4+ Ke7 32. Rac1 Bc4 33.
a3 a6 34. Rb1 Rhb8 35. Rxb2 Rxb2 36. Ne5 Bb5 37. Ng6+ Kd6 38. Nf4 Bd7 39. h4
Ke7 40. Nxd5+ Kf7 41. Nf4 Rd2 42. h5 Rxd4 43. h6 Rc4 44. h7 Rc8 45. Kf2 Rh8 46.
Rd1 Bc6 47. Rd6 Bb5 48. Nxe6 Ke7 49. Rb6 Bd7 50. Ng5 1-0

[Event "4NCL Online Division 3"]
[Site "online"]
[Date "2021.01.26"]
[Round "1.24"]
[White "Davies, Will"]
[Black "Duffell, Andrew"]
[Result "0-1"]
[WhiteElo "1518"]
[BlackElo "1613"]
[PlyCount "119"]
[EventDate "2021.01.26"]
[WhiteTeam "Dorking Casuals"]
[BlackTeam "Chessmates"]

1. e4 c5 2. Nc3 a6 3. f4 b5 4. Nf3 Bb7 5. Be2 e6 6. d3 Nc6 7. O-O d5 8. e5 Be7
9. Qe1 h5 10. Qg3 g6 11. Ng5 Bxg5 12. fxg5 Nge7 13. Nd1 Nd4 14. Qf2 Nef5 15. c3
Nxe2+ 16. Qxe2 d4 17. Nf2 Ne3 18. Bxe3 dxe3 19. Qxe3 Qd5 20. Qe4 Qxe4 21. Nxe4
Bxe4 22. dxe4 Ke7 23. Rad1 Rad8 24. Kf2 Rd7 25. Rxd7+ Kxd7 26. Kg3 Rd8 27.
Rxf7+ Ke8 28. Rf6 Rd3+ 29. Rf3 Rd2 30. Rf2 Rd3+ 31. Kf4 c4 32. g4 h4 33. Rc2
Kd7 34. b3 Kc6 35. b4 Kb6 36. a3 a5 37. bxa5+ Kxa5 38. Rf2 Rxc3 39. Rf3 Rxf3+
40. Kxf3 Ka4 41. Ke3 Kxa3 42. Kd4 b4 43. Kxc4 b3 44. Kc5 b2 45. Kd6 b1=Q 46.
Kxe6 Qxe4 47. Kf6 Qxg4 48. e6 Qf5+ 49. Ke7 Qxg5+ 50. Kd7 Qd5+ 51. Ke7 Kb4 52.
Kf7 Qf5+ 53. Ke7 Kc5 54. Kd7 Qd5+ 55. Ke7 Kc6 56. Kf7 Qf5+ 57. Ke7 Kc7 58. h3
g5 59. Ke8 Qxe6+ 60. Kf8 0-1

[Event "4NCL Online Division 3"]
[Site "online"]
[Date "2021.01.26"]
[Round "1.31"]
[White "Singh, Amrik J"]
[Black "Yogit, Senthilnathan"]
[Result "0-1"]
[WhiteElo "1936"]
[BlackElo "2166"]
[PlyCount "62"]
[EventDate "2021.01.26"]
[WhiteTeam "Warley Mighty Quins"]
[BlackTeam "Uxbridge A Cults"]

1. e4 c5 2. f4 Nc6 3. Nf3 e6 4. d3 Nge7 5. Na3 d5 6. e5 Ng6 7. c3 f6 8. d4 cxd4
9. cxd4 Bb4+ 10. Kf2 O-O 11. Nc2 Ba5 12. g3 Bb6 13. Kg2 Bd7 14. Bd3 Be8 15. Re1
f5 16. Be3 Nh8 17. Be2 Bh5 18. Ng5 Bxe2 19. Qxe2 Qe7 20. a3 h6 21. Nf3 Rac8 22.
Rac1 Nf7 23. Qd2 Qd7 24. Nh4 Na5 25. Qd3 Rc7 26. Re2 Rfc8 27. b3 Rc3 28. Qd1
Nxb3 29. Rb1 Na5 30. Nb4 Rxa3 31. Reb2 Rxe3 0-1

[Event "4NCL Online Division 3"]
[Site "online"]
[Date "2021.01.26"]
[Round "1.32"]
[White "Sudhan, Hari Hara"]
[Black "Turner, Jon"]
[Result "1-0"]
[WhiteElo "2120"]
[BlackElo "1838"]
[PlyCount "61"]
[EventDate "2021.01.26"]
[WhiteTeam "Uxbridge A Cults"]
[BlackTeam "Warley Mighty Quins"]

1. Nf3 e6 2. c4 f5 3. g3 Nf6 4. Bg2 c6 5. O-O d5 6. d4 Nbd7 7. Qc2 Ne4 8. b3
Be7 9. Bb2 Ndf6 10. Nc3 Bd7 11. Ne5 Qc7 12. Rac1 O-O 13. Nxe4 fxe4 14. f3 exf3
15. exf3 Be8 16. Rce1 Nd7 17. Nd3 Rf6 18. cxd5 Bf7 19. dxc6 bxc6 20. f4 Rc8 21.
Nf2 Rh6 22. f5 Bb4 23. Ng4 Bxe1 24. Nxh6+ gxh6 25. Rxe1 exf5 26. Qxf5 Bg6 27.
Qe6+ Bf7 28. Qg4+ Bg6 29. d5 Qa5 30. b4 Qxa2 31. Qxd7 1-0

[Event "4NCL Online Division 3"]
[Site "online"]
[Date "2021.01.26"]
[Round "1.33"]
[White "Emery, Ian"]
[Black "Symonds, Richard H"]
[Result "0-1"]
[WhiteElo "1825"]
[BlackElo "1990"]
[PlyCount "118"]
[EventDate "2021.01.26"]
[WhiteTeam "Warley Mighty Quins"]
[BlackTeam "Uxbridge A Cults"]

1. e4 d6 2. d4 Nf6 3. Nc3 Nbd7 4. f4 e5 5. Nf3 exd4 6. Qxd4 c6 7. Be3 d5 8.
exd5 Bc5 9. Qd3 Qe7 10. Nd4 Nb6 11. O-O-O Nbxd5 12. Re1 O-O 13. Bd2 Qc7 14. Nb3
Nxf4 15. Qf3 Bd6 16. Ne4 Nxe4 17. Rxe4 Ng6 18. h4 Be6 19. h5 Ne5 20. Qf2 f5 21.
Re1 c5 22. h6 g6 23. Bc3 Ng4 24. Qf3 Bf7 25. Rh4 Ne5 26. Qf2 a6 27. g4 b5 28.
gxf5 Bxb3 29. axb3 Rxf5 30. Qg2 Nf3 31. Bd3 Raf8 32. Bxf5 Rxf5 33. Re8+ Bf8 34.
Rhe4 Qc6 35. Qe2 Nd4 36. Bxd4 cxd4 37. Rxd4 Qh1+ 38. Rd1 Qxh6+ 39. Kb1 Qg7 40.
Qe6+ Qf7 41. Qxf7+ Kxf7 42. Rdd8 Be7 43. Rxe7+ Kxe7 44. Rh8 h5 45. Kc1 Kf6 46.
Kd2 Kg5 47. c4 h4 48. Ke3 Kg4 49. Rh6 g5 50. Rxa6 h3 51. b4 bxc4 52. Kd4 h2 53.
Rh6 Kg3 54. Kxc4 Kg2 55. b5 h1=Q 56. Rxh1 Kxh1 57. b6 g4 58. b7 Rf8 59. Kc5 g3
0-1

[Event "4NCL Online Division 3"]
[Site "online"]
[Date "2021.01.26"]
[Round "1.34"]
[White "Colter, Nigel"]
[Black "Moxley, Stephen"]
[Result "0-1"]
[WhiteElo "1758"]
[BlackElo "1719"]
[PlyCount "62"]
[EventDate "2021.01.26"]
[WhiteTeam "Uxbridge A Cults"]
[BlackTeam "Warley Mighty Quins"]

1. d4 f5 2. Nf3 g6 3. e3 Bg7 4. Be2 Nf6 5. O-O O-O 6. c4 d6 7. Nc3 Qe8 8. b4 e5
9. dxe5 dxe5 10. b5 e4 11. Nd4 c5 12. bxc6 Nxc6 13. Ba3 Rf7 14. Ncb5 Bf8 15.
Nd6 Bxd6 16. Bxd6 Qd8 17. Nxc6 bxc6 18. c5 Be6 19. Qa4 Bd5 20. Rab1 Ne8 21. Be5
Qe7 22. Bd4 Ng7 23. Rfc1 Ne6 24. Rb4 f4 25. Bc4 fxe3 26. Bxe3 Nxc5 27. Bxc5
Qxc5 28. Rb2 e3 29. Rcc2 exf2+ 30. Kf1 Bxg2+ 31. Kxg2 Qg5+ 0-1

[Event "4NCL Online Division 3"]
[Site "online"]
[Date "2021.01.26"]
[Round "1.41"]
[White "George, Ian M"]
[Black "McIntyre, John W"]
[Result "1/2-1/2"]
[WhiteElo "1904"]
[BlackElo "1898"]
[PlyCount "57"]
[EventDate "2021.01.26"]
[WhiteTeam "Camborne Trevithick"]
[BlackTeam "Phones Pals"]

1. e4 c6 2. d4 d5 3. exd5 cxd5 4. Bd3 Nc6 5. Nf3 Qc7 6. O-O Bg4 7. c3 e6 8.
Nbd2 Bd6 9. h3 Bh5 10. Re1 Nf6 11. Qe2 O-O 12. Qe3 Bf4 13. Qe2 Rab8 14. Nf1 Bd6
15. Qe3 Bxf3 16. Qxf3 b5 17. Qe2 b4 18. Bg5 Be7 19. Nh2 bxc3 20. bxc3 Rb6 21.
Rab1 Rfb8 22. Rxb6 Qxb6 23. Rb1 Qd8 24. Rxb8 Qxb8 25. Qc2 h6 26. Bh4 Nh5 27.
Bxe7 Nxe7 28. Qb3 Qb6 29. Qxb6 1/2-1/2

[Event "4NCL Online Division 3"]
[Site "online"]
[Date "2021.01.26"]
[Round "1.42"]
[White "Glen, Hamish"]
[Black "Williams, Philip J"]
[Result "1/2-1/2"]
[WhiteElo "1613"]
[BlackElo "1844"]
[PlyCount "95"]
[EventDate "2021.01.26"]
[WhiteTeam "Phones Pals"]
[BlackTeam "Camborne Trevithick"]

1. e4 e5 2. Nf3 Nc6 3. Bb5 Nf6 4. d3 d6 5. c3 Bg4 6. Nbd2 Be7 7. Nf1 a6 8. Ba4
Nd7 9. Ng3 Nc5 10. Bc2 O-O 11. h3 Bxf3 12. Qxf3 Bg5 13. O-O Bxc1 14. Raxc1 Qg5
15. Qf5 Qxf5 16. Nxf5 Ne6 17. g3 g6 18. Ne3 Kh8 19. f4 exf4 20. gxf4 f5 21.
exf5 gxf5 22. Nd5 Rae8 23. d4 Ncd8 24. Rce1 c6 25. Ne3 Ng7 26. Nxf5 Rxe1 27.
Rxe1 Nxf5 28. Bxf5 Rxf5 29. Re8+ Kg7 30. Rxd8 Rxf4 31. Rxd6 Rf7 32. Re6 Kf8 33.
Kg2 Kg7 34. Re4 Kf8 35. Re3 Rd7 36. Re4 Kf7 37. Kg3 Kg6 38. h4 Rf7 39. Rg4+ Kh6
40. Rf4 Re7 41. Kg4 Kg6 42. h5+ Kg7 43. Rf2 Re1 44. Rh2 Rg1+ 45. Kf5 Kf7 46.
Ke5 Ke7 47. Kf5 Kf7 48. Ke5 1/2-1/2

[Event "4NCL Online Division 3"]
[Site "online"]
[Date "2021.01.26"]
[Round "1.43"]
[White "Healey, Grant"]
[Black "Narang, Vishal"]
[Result "0-1"]
[WhiteElo "1872"]
[BlackElo "1508"]
[PlyCount "102"]
[EventDate "2021.01.26"]
[WhiteTeam "Camborne Trevithick"]
[BlackTeam "Phones Pals"]

1. g3 e5 2. Bg2 d5 3. d3 Nf6 4. Nh3 h6 5. O-O Bc5 6. Kh1 g5 7. e3 g4 8. Ng1 Be6
9. f4 Nc6 10. Qe2 e4 11. a3 Qe7 12. b4 Bb6 13. Nc3 a6 14. Na4 Ba7 15. Bb2 Rg8
16. d4 h5 17. b5 Na5 18. bxa6 Nc4 19. axb7 Rb8 20. Bc3 Rxb7 21. Bb4 Qd8 22.
Rfb1 Rb8 23. Rf1 h4 24. f5 Bd7 25. Nc5 Bxc5 26. dxc5 c6 27. gxh4 g3 28. h3 Rh8
29. Rf4 Ke7 30. Bc3 Nh5 31. Rff1 f6 32. Bd4 Qg8 33. a4 Qh7 34. Qe1 Rbg8 35. a5
Bxf5 36. Rxf5 Qxf5 37. a6 Ra8 38. Ne2 Rhg8 39. Qg1 Qe6 40. Nf4 Nxf4 41. exf4 f5
42. Qb1 Rgb8 43. Qd1 Qh6 44. h5 Qxf4 45. Qe2 Qg5 46. Qe1 f4 47. Bf1 f3 48. Bxc4
Rg8 49. Bb3 Qxh5 50. Qd2 Qxh3+ 51. Kg1 Raf8 0-1

[Event "4NCL Online Division 3"]
[Site "online"]
[Date "2021.01.26"]
[Round "1.44"]
[White "McShane, James"]
[Black "Morgan, Jamie"]
[Result "1/2-1/2"]
[WhiteElo "1200"]
[BlackElo "1864"]
[PlyCount "95"]
[EventDate "2021.01.26"]
[WhiteTeam "Phones Pals"]
[BlackTeam "Camborne Trevithick"]

1. e4 c5 2. d4 cxd4 3. c3 d3 4. Bxd3 Nc6 5. Nf3 g6 6. e5 Bg7 7. Bf4 Nh6 8. h3
O-O 9. Qd2 Nf5 10. g4 Nh4 11. Nxh4 Nxe5 12. Bxe5 Bxe5 13. Qg5 Bf6 14. Qh6 Qa5
15. Nf3 Qd5 16. Qe3 e5 17. Nbd2 Qc6 18. O-O-O Re8 19. g5 Bg7 20. Bc2 d5 21. h4
d4 22. cxd4 Bf5 23. Qc3 Qd7 24. Bxf5 Qxf5 25. b3 Rac8 26. Nc4 b5 27. Rhe1 bxc4
28. bxc4 Rb8 29. Nd2 exd4 30. Rxe8+ Rxe8 31. Qf3 Qa5 32. Qb3 Qe5 33. Nf3 Qf4+
34. Kc2 Re2+ 35. Rd2 Rxd2+ 36. Nxd2 Qe5 37. Qg3 Qf5+ 38. Kc1 Be5 39. Qb3 Qxf2
40. Qb4 Bf4 41. Qa5 Qe1+ 42. Kc2 Bxd2 43. Qd8+ Kg7 44. Qf6+ Kg8 45. Qd8+ Kg7
46. Qf6+ Kg8 47. Qd8+ Kg7 48. Qf6+ 1/2-1/2

[Event "4NCL Online Division 3"]
[Site "online"]
[Date "2021.01.26"]
[Round "1.51"]
[White "Sandhu, Manvith"]
[Black "Benkhoucha, Samy"]
[Result "0-1"]
[WhiteElo "1991"]
[BlackElo "1574"]
[PlyCount "98"]
[EventDate "2021.01.26"]
[WhiteTeam "Warwickshire Bears A"]
[BlackTeam "Downend 2"]

1. e4 e5 2. Nf3 Nc6 3. Bb5 Nf6 4. d3 Bc5 5. O-O d6 6. c3 O-O 7. Re1 a6 8. Ba4
b5 9. Bc2 Bb6 10. Nbd2 Ng4 11. Rf1 f5 12. h3 Nf6 13. Re1 fxe4 14. Nxe4 d5 15.
Ng3 Qd6 16. Bb3 e4 17. dxe4 Qxg3 18. Bxd5+ Nxd5 19. Qxd5+ Kh8 20. Be3 Bxe3 21.
Rxe3 Qd6 22. Qxd6 cxd6 23. Rd1 Rd8 24. Red3 Be6 25. b3 Kg8 26. Rxd6 Rac8 27.
Ng5 Bf7 28. f4 h6 29. Nxf7 Kxf7 30. Kf2 Ke7 31. Rxd8 Rxd8 32. Rxd8 Nxd8 33. h4
Ne6 34. Ke3 Kd6 35. g3 a5 36. Kd3 Kc5 37. a3 a4 38. b4+ Kc6 39. c4 Nc7 40. e5
h5 41. f5 bxc4+ 42. Kxc4 Nb5 43. f6 gxf6 44. exf6 Nxa3+ 45. Kd3 Kd6 46. b5 Nxb5
47. Kc4 a3 48. f7 Ke7 49. Kb3 Kxf7 0-1

[Event "4NCL Online Division 3"]
[Site "online"]
[Date "2021.01.26"]
[Round "1.52"]
[White "Walsh, Shaun"]
[Black "Pal, Rohan"]
[Result "0-1"]
[WhiteElo "1366"]
[BlackElo "1891"]
[PlyCount "38"]
[EventDate "2021.01.26"]
[WhiteTeam "Downend 2"]
[BlackTeam "Warwickshire Bears A"]

1. e4 c5 2. Nf3 Nc6 3. d4 cxd4 4. Nxd4 Nf6 5. Nc3 g6 6. Be3 Bg7 7. f3 O-O 8.
Qd2 d5 9. O-O-O dxe4 10. Nxe4 Nxe4 11. fxe4 Qc7 12. g3 Rd8 13. c3 Nxd4 14. Bxd4
Rxd4 15. Qe2 Rxd1+ 16. Qxd1 Be6 17. Kb1 Rd8 18. Qc2 Qa5 19. b3 Bxc3 0-1

[Event "4NCL Online Division 3"]
[Site "online"]
[Date "2021.01.26"]
[Round "1.53"]
[White "Chen, Daniel Xingyu"]
[Black "Bleeg, Elliott"]
[Result "1-0"]
[WhiteElo "1763"]
[BlackElo "1309"]
[PlyCount "99"]
[EventDate "2021.01.26"]
[WhiteTeam "Warwickshire Bears A"]
[BlackTeam "Downend 2"]

1. e4 e5 2. Nf3 Nc6 3. Bb5 a6 4. Ba4 Nf6 5. Qe2 b5 6. Bb3 Be7 7. O-O O-O 8. Rd1
d6 9. h3 Be6 10. c3 b4 11. Bxe6 fxe6 12. Qc4 Qd7 13. Ng5 d5 14. exd5 exd5 15.
Qe2 Ng4 16. Qxg4 Qxg4 17. hxg4 Bxg5 18. d4 Bxc1 19. Rxc1 exd4 20. cxd4 Nxd4 21.
Rxc7 Rac8 22. Rxc8 Rxc8 23. Nd2 Rc2 24. Nb3 Nxb3 25. axb3 Rxb2 26. Rxa6 Rxb3
27. Kf1 Rb1+ 28. Ke2 b3 29. Rb6 Rb2+ 30. Ke1 d4 31. f3 d3 32. Kd1 Rb1+ 33. Kd2
b2 34. Kxd3 Rc1 35. Rxb2 Rc6 36. Rb7 Rd6+ 37. Ke4 Rd2 38. g3 Rg2 39. Kf4 h6 40.
Rc7 g5+ 41. Kf5 Rxg3 42. Kg6 Rxf3 43. Kxh6 Rf7 44. Rc8+ Rf8 45. Rc5 Kh8 46.
Rxg5 Rf6+ 47. Rg6 Rxg6+ 48. Kxg6 Kg8 49. g5 Kf8 50. Kh7 1-0

[Event "4NCL Online Division 3"]
[Site "online"]
[Date "2021.01.26"]
[Round "1.54"]
[White "Lewis, Catherine"]
[Black "Dicen, Elis Denele"]
[Result "1/2-1/2"]
[WhiteElo "998"]
[BlackElo "1726"]
[PlyCount "90"]
[EventDate "2021.01.26"]
[WhiteTeam "Downend 2"]
[BlackTeam "Warwickshire Bears A"]

1. Nf3 e6 2. c4 d5 3. g3 Nf6 4. Bg2 c5 5. O-O Nc6 6. cxd5 exd5 7. d4 cxd4 8.
Nxd4 Be7 9. Nc3 O-O 10. Bg5 Be6 11. a3 Rc8 12. Rc1 a6 13. h3 Qd7 14. Kh2 h6 15.
Bxf6 Bxf6 16. e3 Bxd4 17. exd4 Na5 18. Qh5 Rfd8 19. Rfe1 Nc4 20. Re2 Kh7 21. f4
g6 22. Qf3 b5 23. Rce1 Qc6 24. Nd1 Qb6 25. Qf2 Kg7 26. g4 Qd6 27. Kh1 Bd7 28.
Ne3 Nxe3 29. Rxe3 Re8 30. Rxe8 Rxe8 31. Rxe8 Bxe8 32. b4 Bc6 33. Qe3 Qe6 34.
Qxe6 fxe6 35. Kg1 Kf6 36. h4 g5 37. fxg5+ hxg5 38. h5 Kg7 39. Kf2 Bd7 40. Bf3
Kh6 41. Ke3 Bc6 42. Be2 Bd7 43. Bd3 Be8 44. Bc2 Kg7 45. Bd3 Kh6 1/2-1/2

[Event "4NCL Online Division 3"]
[Site "online"]
[Date "2021.01.26"]
[Round "1.61"]
[White "Williams, David"]
[Black "Jenkins, John"]
[Result "0-1"]
[WhiteElo "1896"]
[BlackElo "2061"]
[PlyCount "56"]
[EventDate "2021.01.26"]
[WhiteTeam "Ashfield Anonymous B"]
[BlackTeam "Stroud Oldies"]

1. d4 Nf6 2. Bf4 g6 3. e3 Bg7 4. Nf3 b6 5. Be2 Bb7 6. O-O O-O 7. h3 d5 8. Nbd2
Nbd7 9. c3 c5 10. a4 Re8 11. a5 Bc6 12. axb6 axb6 13. Qc2 Ne4 14. Nxe4 dxe4 15.
Ng5 Nf6 16. Be5 h6 17. Bxf6 exf6 18. Nxe4 Bxe4 19. Qb3 Qd5 20. Bc4 Qb7 21. f3
Bc6 22. d5 Bd7 23. e4 b5 24. Rxa8 Rxa8 25. d6 Bc6 26. Be2 Bf8 27. Rd1 Rd8 28.
Qa3 Rxd6 0-1

[Event "4NCL Online Division 3"]
[Site "online"]
[Date "2021.01.26"]
[Round "1.62"]
[White "Haynes, Chris R"]
[Black "Combie, Alex B"]
[Result "0-1"]
[WhiteElo "1753"]
[BlackElo "1926"]
[PlyCount "100"]
[EventDate "2021.01.26"]
[WhiteTeam "Stroud Oldies"]
[BlackTeam "Ashfield Anonymous B"]

1. e4 c5 2. f4 d5 3. Bb5+ Bd7 4. Bxd7+ Qxd7 5. e5 Nc6 6. Nf3 e6 7. d3 h5 8. Nc3
Nh6 9. b3 Be7 10. Bb2 Nf5 11. Qd2 Ncd4 12. Nxd4 Nxd4 13. Ne2 Bh4+ 14. Kd1 Nxe2
15. Kxe2 Be7 16. a4 h4 17. Rhf1 O-O-O 18. Ba3 Rdg8 19. b4 cxb4 20. Bxb4 g5 21.
Bxe7 Qxe7 22. f5 exf5 23. Rxf5 Kb8 24. d4 Rc8 25. Rf3 Rc4 26. Rc3 Qb4 27. Rxc4
Qxc4+ 28. Qd3 Rc8 29. Qxc4 Rxc4 30. Kd3 a5 31. c3 Kc8 32. Ra3 Kd7 33. Rb3 Rxa4
34. Rxb7+ Ke6 35. Rb6+ Ke7 36. Rd6 Ra2 37. Rxd5 Rxg2 38. Rxa5 Rxh2 39. d5 Rh1
40. Ra7+ Kf8 41. Ke4 g4 42. Kf4 g3 43. Ra2 Rh2 44. Ra8+ Kg7 45. Kf3 Rf2+ 46.
Ke3 h3 47. d6 Rf1 48. d7 Rd1 49. Kf3 h2 50. Kg2 h1=Q+ 0-1

[Event "4NCL Online Division 3"]
[Site "online"]
[Date "2021.01.26"]
[Round "1.63"]
[White "Sudar, Dragoljub"]
[Black "Walker, Adrian"]
[Result "1-0"]
[WhiteElo "1920"]
[BlackElo "1741"]
[PlyCount "85"]
[EventDate "2021.01.26"]
[WhiteTeam "Ashfield Anonymous B"]
[BlackTeam "Stroud Oldies"]

1. e4 d6 2. d4 Nf6 3. Nc3 Nbd7 4. Nf3 e5 5. dxe5 dxe5 6. Bc4 Be7 7. O-O c6 8.
a4 a5 9. Re1 Qc7 10. h3 h6 11. Be3 Nf8 12. Nh2 g5 13. Qf3 Ne6 14. Rad1 Kf8 15.
Nf1 Nf4 16. Bxf4 gxf4 17. Rd3 Kg7 18. g3 Rg8 19. gxf4 Kh7+ 20. Kh1 Be6 21. Bxe6
fxe6 22. f5 Rg5 23. Ng3 Rag8 24. fxe6 Qc8 25. Nf5 Qxe6 26. Red1 Qf7 27. Nxe7
Qxe7 28. Ne2 Qg7 29. Rd6 Rf8 30. Rd8 Rxd8 31. Rxd8 Qg6 32. Rd6 Kg7 33. Ng3 Kf7
34. Rd7+ Ke6 35. Rxb7 Nxe4 36. Qxe4 Rxg3 37. Qxc6+ Kf5 38. Qd7+ Kg5 39. Qd2+
Kh5 40. fxg3 Qe4+ 41. Qg2 Qe1+ 42. Kh2 e4 43. Re7 1-0

[Event "4NCL Online Division 3"]
[Site "online"]
[Date "2021.01.26"]
[Round "1.64"]
[White "Brown, Graham K"]
[Black "Flynn, David"]
[Result "0-1"]
[WhiteElo "1723"]
[BlackElo "1914"]
[PlyCount "42"]
[EventDate "2021.01.26"]
[WhiteTeam "Stroud Oldies"]
[BlackTeam "Ashfield Anonymous B"]

1. h3 c5 2. e3 d5 3. d4 Nc6 4. Nf3 h6 5. b3 Bf5 6. Bd3 Bxd3 7. Qxd3 e6 8. Bb2
Nf6 9. O-O Qc7 10. Nbd2 Be7 11. Rfe1 O-O-O 12. Ba3 g5 13. Ne5 c4 14. bxc4 Nxe5
15. dxe5 dxc4 16. Qc3 Nd5 17. Qxc4 Bxa3 18. Qxc7+ Kxc7 19. Nc4 Bc5 20. g3 Nb6
21. Na5 Bb4 0-1

[Event "4NCL Online Division 3"]
[Site "online"]
[Date "2021.01.26"]
[Round "1.71"]
[White "Arora, Tashika"]
[Black "Rooney, Steve"]
[Result "1-0"]
[WhiteElo "1885"]
[BlackElo "1864"]
[PlyCount "109"]
[EventDate "2021.01.26"]
[WhiteTeam "Oxford 3"]
[BlackTeam "Shropshire 3"]

1. d4 Nf6 2. c4 g6 3. Nc3 c5 4. d5 d6 5. e4 Bg7 6. h3 O-O 7. Be3 e6 8. Bd3 Re8
9. Nf3 exd5 10. exd5 a6 11. O-O Nbd7 12. Qd2 Ne5 13. Nxe5 Rxe5 14. Bf4 Re8 15.
Rfe1 b6 16. Bg5 Bf5 17. Bxf5 gxf5 18. Qf4 Qd7 19. Qg3 Kh8 20. Qh4 Ne4 21. Nxe4
fxe4 22. Rxe4 Rxe4 23. Qxe4 Re8 24. Qc2 Be5 25. Be3 Rg8 26. Kh1 f5 27. f4 Bf6
28. Re1 Qg7 29. Bc1 Qg3 30. Re6 Bd4 31. b3 Be5 32. Qd2 Bxf4 33. Bb2+ Be5 34.
Bxe5+ dxe5 35. d6 f4 36. Qe2 Qc3 37. Qxe5+ Qxe5 38. Rxe5 Rd8 39. Rd5 Kg7 40. d7
Kf6 41. Rd6+ Ke7 42. Rxb6 Rxd7 43. Rxa6 Rd1+ 44. Kh2 Rd2 45. Kg1 h5 46. Rc6
Rxa2 47. Rxc5 Rb2 48. Rxh5 Rxb3 49. Rf5 Rc3 50. Rxf4 Ke6 51. Kf2 Ke5 52. g3
Rc2+ 53. Kf3 Rc3+ 54. Kg4 Rc2 55. h4 1-0